Selected writings of Charles Stanley/ (Record no. 7446)

MARC details
000 -LEADER
fixed length control field 00537nam a2200181Ia 4500
003 - CONTROL NUMBER IDENTIFIER
control field GBCCL
005 - DATE AND TIME OF LATEST TRANSACTION
control field 20241126110628.0
008 - FIXED-LENGTH DATA ELEMENTS--GENERAL INFORMATION
fixed length control field 180810b ||||| |||| 00| 0 eng d
040 ## - CATALOGING SOURCE
Transcribing agency GBC
082 ## - DEWEY DECIMAL CLASSIFICATION NUMBER
Classification number 248
Item number STA
100 ## - MAIN ENTRY--PERSONAL NAME
Personal name Stanle, Charles
9 (RLIN) 13150
245 ## - TITLE STATEMENT
Title Selected writings of Charles Stanley/
Statement of responsibility, etc. Charles Stanley
260 ## - PUBLICATION, DISTRIBUTION, ETC.
Date of publication, distribution, etc. 1976.
Place of publication, distribution, etc. Denver, Colorado :
Name of publisher, distributor, etc. Wilson Foundation,
300 ## - PHYSICAL DESCRIPTION
Extent 2 volumes ; 20 cm
650 ## - SUBJECT ADDED ENTRY--TOPICAL TERM
Topical term or geographic name entry element Christian life.
9 (RLIN) 183
650 ## - SUBJECT ADDED ENTRY--TOPICAL TERM
Topical term or geographic name entry element Theology -- Collected works -- 19th century.
9 (RLIN) 13151
942 ## - ADDED ENTRY ELEMENTS (KOHA)
Source of classification or shelving scheme Dewey Decimal Classification
Koha item type Books
Holdings
Withdrawn status Lost status Source of classification or shelving scheme Damaged status Not for loan Home library Current Library Shelving location Date acquired Total checkouts Full call number Barcode Date last seen Copy number Price effective from Koha item type
    Dewey Decimal Classification     GRACE BIBLE COLLEGE GRACE BIBLE COLLEGE Ministry & Mission 2018-08-10   248 STA 002603 2025-05-01 v.2 2018-08-10 Books
© Grace Bible College Library 2025